书目信息 |
| 题名: |
精神分析治愈之道
|
|
| 作者: | 科胡特 著 | |
| 分册: | ||
| 出版信息: | 重庆 重庆大学出版社 2016.03 |
|
| 页数: | 278页 | |
| 开本: | 28cm | |
| 丛书名: | ||
| 单 册: | ||
| 中图分类: | R749.055 | |
| 科图分类: | ||
| 主题词: | 精神病学 | |
| 电子资源: | ||
| ISBN: | 7-5624-9133-X | |
| 000 | 00529nam0 2200181 450 | |
| 001 | 1860574920 | |
| 005 | 20181130111213.23 | |
| 010 | @a7-5624-9133-X@dCNY56.00 | |
| 100 | @a20181129d2016 km y0chiy0120 ea | |
| 101 | 0 | @achi |
| 200 | 1 | @a精神分析治愈之道@Ajing shen fen xi zhi yu zhi dao@f(美) 科胡特著@F(mei)ke hu te zhu |
| 210 | @a重庆@c重庆大学出版社@d2016.03 | |
| 215 | @a278页@d28cm | |
| 606 | 0 | @a精神病学 |
| 690 | @aR749.055@v4 | |
| 701 | 0 | @a科胡特@Ake hu te@4著 |
| 801 | 0 | @aCN@bMUSE@c20181130 |
| 905 | @aMUSE@dR749.055@eK4961 | |
| 精神分析治愈之道/(美) 科胡特著.-重庆:重庆大学出版社,2016.03 |
| 278页;28cm |
| ISBN 7-5624-9133-X:CNY56.00 |
| ● |
| 相关链接 |
|
|
|
正题名:精神分析治愈之道
索取号:R749.055/K4961
 
预约/预借
| 序号 | 登录号 | 条形码 | 馆藏地/架位号 | 状态 | 备注 |
| 1 | 1234610 | 212346102 | 大学生心理健康教育指导中心资料室/ [索取号:R749.055/K4961] | 在馆 |